Con el corazón en el territorio : estética, ética y creación en la construcción de la región suroccidente de Colombia /

Bibliographic Details
Main Author: Flórez López, Jesús Alfonso (Author)
Format: Electronic eBook
Language:Spanish
Published: Cali, Valle del Cauca, Colombia : Programa Editorial, Universidad Autónoma de Occidente, 2023.
Edition:Primera edición.
Subjects:
Online Access:Digitalia Hispánica

MARC

LEADER 00000nam a2200000 i 4500
001 DIGUAOCCTE0085
003 NyNyDIG
006 m o d
007 cr |||||||||||
008 240601s2023 ck a ob 000 0 spa d
035 |a (OCoLC)1439422244 
040 |a DGITA  |b eng  |e rda  |e pn  |c DGITA 
020 |a 9789586191241  |q pdf 
020 |a 9789586191234  |q ePub 
043 |a s-ck---  
050 1 4 |a N6675 ebook 
245 0 0 |a Con el corazón en el territorio :  |b estética, ética y creación en la construcción de la región suroccidente de Colombia /  |c autores Jesús Alfonso Flórez López [and 8 others]. 
250 |a Primera edición. 
264 1 |a Cali, Valle del Cauca, Colombia :  |b Programa Editorial, Universidad Autónoma de Occidente,  |c 2023. 
300 |a 1 online resource :  |b illustrations. 
336 |a text  |b txt  |2 rdacontent 
337 |a computer  |b c  |2 rdamedia 
338 |a online resource  |b cr  |2 rdacarrier 
347 |a text file  |2 rdaft 
347 |b PDF 
504 |a Includes bibliographical references. 
588 0 |a Online resource; title from PDF title page (Digitalia, viewed June 1, 2024) 
650 0 |a Art, Colombian. 
650 0 |a Art and society  |z Colombia. 
651 0 |a Colombia  |x Social life and customs. 
700 1 |a Flórez López, Jesús Alfonso,  |e author. 
791 2 |a Digitalia (Firm),  |e distributor. 
793 0 |g Digitalia eBook Collection:  |a Universidad Autónoma de Occidente 
856 4 0 |3 Digitalia Hispánica  |u https://www.digitaliapublishing.com/a/135776/ 
910 |a Premium collection: 2024